Visualizzazione normale
Vista MARC
- Lee A.R.
di Personal Name
Records bibliografici associati: 1
001 - CONTROL NUMBER
- control field: 9126
003 - CONTROL NUMBER IDENTIFIER
- control field: IT-RoPau
005 - DATE AND TIME OF LATEST TRANSACTION
- control field: 20140113165424.0
008 - FIXED-LENGTH DATA ELEMENTS
- fixed length control field: 140113|| aca||aabn | a|a d
040 ## - CATALOGING SOURCE
- Original cataloging agency: IT-RoPau
- Transcribing agency: IT-RoPau
100 ## - HEADING--PERSONAL NAME
- Personal name: Lee A.R.
- Miscellaneous information: Codice autore SPICS: 10695
- Relator term: Autore
- Name of part/section of a work: Pennsylvania Polka
670 ## - SOURCE DATA FOUND
- Source citation: Work cat.: (IT-RoPau)99631: AA.VV. 794, Will Glahè in Bavaria